01420cam a22003135a 4500999001700000001000900017005001700026008004100043010001700084020001800101040003800119082001700157100003000174245006300204250001200267260004800279300003900327504005100366650002500417651001000442653003500452655001400487856008900501942000800590952012300598952012300721952013100844952013100975 c25530d255021880203020190314123845.0150929t2016 enkab frb 001 0 eng d a 2015953376 a9780198708766 aDLCbengcDLCdEG-ScBUEdEG-ScBUE04a323bGOO2221 aGoodhart, Michael.93855210aHuman rights :bpolitics and practice /cMichael Goodhart. a3rd ed. aOxford :bOxford University Press,cc.2016. axxv, 499 p. :bill., map ;c24 cm. aIncludes bibliographical references and index. 7aHuman rights.2BUEsh 2BUEsh bBUSBOLcOctober2017cMarch2019 vText book423online resource centeruhttps://global.oup.com/uk/orc/politics/pol_legal/goodhart3e/ 2ddc 00102ddc40708BaccahaMAINbMAINc1STd2017-10-31ePurchaseg580.00l0o323 GOOp000042354r2025-07-15 00:00:00yNB 00102ddc40708BaccahaMAINbMAINc1STd2017-10-31ePurchaseg580.00l0o323 GOOp000042355r2025-07-15 00:00:00yBB 00102ddc40708BaccahaMAINbMAINc1STd2019-03-14ePurchaseg550.00l0o323 GOOp000044379r2025-07-15 00:00:00v687.50yNB 00102ddc40708BaccahaMAINbMAINc1STd2019-03-14ePurchaseg550.00l0o323 GOOp000044380r2025-07-15 00:00:00v687.50yBB